Представление документа в формате RUSMARC

ПолеНазваниеЗначение
  Тип записи a
  Библиографический уровень a
001 Контрольный номер RU/IS/BASE/615551761
005 Дата корректировки 20240207193005.5
100 Данные общей обработки __
a Данные общей обработки 20190704d2019 ||| 0rusy0189 ca
101 Язык документа 0_
a Язык текста rus
102 Страна публикации __
a Страна публикации RU
105 Кодированные данные (монография) __
a Кодированные данные (монография) y###||||000|y
200 Заглавие и сведения об ответственности 1_
a Заглавие Город Витуса Беринга
b Общее обозначение материала Текст
e Сведения, относящиеся к заглавию [о Петропавловске-Камчатском - городе моряков и учёных]
461 Уровень набора _0
1 2001
a Детская энциклопедия
463 Уровень физической единицы _0
1 2001
a № 6
v С. 32-37 : фот.
1 210
d 2019
600 Персоналии _0
a Персоналии (Фамилия) Беринг
b Персоналии (Имя, инициалы) В. И.
g Полное имя Витус Ионассен
606 Тематические рубрики 0_
a Основная рубрика География отдельных территорий - Дальний Восток
y Географическая подрубрика Дальний Восток, Российская Федерация
y Географическая подрубрика Петропавловск-Камчатский, город
y Географическая подрубрика Корякская Сопка, вулкан
y Географическая подрубрика Россия
610 Ключевые слова 0_
a Ключевые слова география отдельных территорий
610 Ключевые слова 0_
a Ключевые слова география городов
610 Ключевые слова 0_
a Ключевые слова города России
610 Ключевые слова 0_
a Ключевые слова вулканы
686 Индексы других классификаций __
a Классификационный индекс 26.89(2Рос-4Кач)
2 Код системы rubbk
801 Источник записи _0
a Страна RU
b Организация Ульяновская ОБДЮ
c Дата составления 20190704
g Правила каталогизации RCR
801 Источник записи _1
a Страна RU
b Организация Ульяновская ОБДЮ
c Дата составления 20190704
g Правила каталогизации RCR
901 Тип документа __
t Тип документа b
910 Корректоры записи __
a Корректор записи Ульянова Е.А.
919 __
a Ульянова Е.А.
938 Служебная информация __
a Имя БД BibStat
b Имя библиотеки ОБДЮ